000
00277nam a22001337a 4500
008
170620b xxu||||| |||| 00| 0 eng d
020
_a
9780813343525
041
_a
eng
080
_a
93
100
_a
20
101
_a
SHH
245
_a
INDIA
_c
SARDESAI, D.R
942
_2
udc
_c
BK
999
_c
18283
_d
18283